Normal view
MARC view
Entry Personal Name
001 - CONTROL NUMBER
- control field: 3038
003 - CONTROL NUMBER IDENTIFIER
- control field: ARRUPE
005 - DATE AND TIME OF LATEST TRANSACTION
- control field: 20131028170527.0
008 - FIXED-LENGTH DATA ELEMENTS
- fixed length control field: 131028|| aca||aabn | a|a d
040 ## - CATALOGING SOURCE
- Original cataloging agency: ARRUPE
- Transcribing agency: ARRUPE
100 ## - HEADING--PERSONAL NAME
- Personal name: Martin, James,
- Dates associated with a name: 1960-
670 ## - SOURCE DATA FOUND
- Source citation: Work cat.: (ARRUPE)0: Martin, James, 1960- 3037, This our exile :, c1999